Fr. Conceicao Rodrigues College of Engineering

Programmable logic controllers-basic Level TP 301(093311) (Record no. 23968)

MARC details
000 -LEADER
fixed length control field 00344nam a2200145Ia 4500
082 ## - DEWEY DECIMAL CLASSIFICATION NUMBER
Classification number 629.8045/FES
Item number FES
100 ## - MAIN ENTRY--PERSONAL NAME
Personal name Festo
245 ## - TITLE STATEMENT
Title Programmable logic controllers-basic Level TP 301(093311)
260 ## - PUBLICATION, DISTRIBUTION, ETC.
Name of publisher, distributor, etc. Festo
Place of publication, distribution, etc. Bangalore
Date of publication, distribution, etc. 2002
300 ## - PHYSICAL DESCRIPTION
Extent 205
546 ## - LANGUAGE NOTE
Language note ENGLISH
650 ## - SUBJECT ADDED ENTRY--TOPICAL TERM
Topical term or geographic name entry element festo
654 ## - SUBJECT ADDED ENTRY--FACETED TOPICAL TERMS
Focus term logic controllers
942 ## - ADDED ENTRY ELEMENTS (KOHA)
Koha item type Reference Book
Holdings
Withdrawn status Lost status Damaged status Not for loan Collection Home library Current library Date acquired Source of acquisition Cost, normal purchase price Inventory number Total Checkouts Full call number Barcode Date last seen Cost, replacement price Price effective from Koha item type
        CRC Fr. Agnel's C.Rodrigues College of Engineering Fr. Agnel's C.Rodrigues College of Engineering 17/03/2023 FESTO 1608.00 4310520555 dt 08/10/2008   629.8045/FES FES 19011 17/03/2023 1608.00   Reference Book